[Event "Andalucia-ch"]
[Site "Granada"]
[Date "1991.??.??"]
[Round "1"]
[White "Lucena, C."]
[Black "Fernandez Gutierrez, Rafael"]
[Result "0-1"]
[WhiteElo "2015"]
[BlackElo "2205"]
[PlyCount "76"]
[EventDate "1991.??.??"]
[EventType "swiss"]
[EventRounds "7"]
[EventCountry "ESP"]
[SourceTitle "EXT 2000"]
[Source "ChessBase"]
[SourceDate "1999.11.16"]
[SourceVersion "1"]
[SourceVersionDate "1999.11.16"]
[SourceQuality "1"]

1. c4 Nf6 2. Nc3 g6 3. d4 Bg7 4. g3 0-0 5. Bg2 d6 6. Nf3 Nbd7 7. 0-0 c5 8. d5 a6 9. a4 Rb8 10. e4 b6 11. h3 Ne8 12. Bf4 Ne5 13. Nxe5 dxe5 14. Be3 Nd6 15. b3 f5 16. exf5 gxf5 17. Bd2 Qe8 18. f3 Qg6 19. Kh2 Kh8 20. Ra2 Bf6 21. Be1 Rg8 22. Qe2 Bd7 23. Rg1 Rg7 24. Nd1 Rbg8 25. Bf1 e4 26. f4 a5 27. Ne3 Qh6 28. Bf2 Be8 29. Qe1 Bh5 30. Be2 Bf3 31. Qf1 Qh5 32. Bxf3 exf3 33. Qe1 Rg6 34. Qf1 Ne4 35. Nd1 Rh6 36. Be1 Qxh3+ 37. Qxh3 Rxh3+ 38. Kxh3 Rg6 0-1

[Event "Andalucia-ch"]
[Site "Granada"]
[Date "1991.??.??"]
[Round "5"]
[White "Lucena, C."]
[Black "Vilchez Barroso, Ildefonso"]
[Result "0-1"]
[WhiteElo "2015"]
[BlackElo "2185"]
[PlyCount "90"]
[EventDate "1991.??.??"]
[EventType "swiss"]
[EventRounds "7"]
[EventCountry "ESP"]
[SourceTitle "EXT 2000"]
[Source "ChessBase"]
[SourceDate "1999.11.16"]
[SourceVersion "1"]
[SourceVersionDate "1999.11.16"]
[SourceQuality "1"]

1. c4 e5 2. Nc3 Nf6 3. g3 Be7 4. Bg2 0-0 5. Nf3 d6 6. 0-0 c6 7. d4 e4 8. Ng5 d5 9. cxd5 cxd5 10. Bf4 Nc6 11. Qc2 Bf5 12. Rad1 Nh5 13. f3 h6 14. Nh3 exf3 15. Rxf3 Bg4 16. Rff1 Qd7 17. Nf2 Nxf4 18. gxf4 Bf6 19. Nxg4 Qxg4 20. e3 Rad8 21. Kh1 Ne7 22. Bf3 Qe6 23. Rg1 Rfe8 24. Rde1 Nc8 25. Bg4 Qc6 26. Qg2 Nb6 27. Bf3 Re7 28. Re2 Rd6 29. Qh3 Kh8 30. Nd1 Qe8 31. b3 Bxd4 32. Bh5 Bf6 33. Nf2 Rde6 34. Ng4 Bc3 35. f5 Rc6 36. f6 Bxf6 37. Nxh6 gxh6 38. Reg2 Be5 39. Rg5 Ree6 40. Be2 Rg6 41. Bb5 Rxg5 42. Rxg5 Qe6 43. Qh5 Rc1+ 44. Kg2 Rc2+ 45. Kf3 Rxh2 0-1